Biggest Cities in Sri Lanka on a Map - Statistics

General Stats
  • This quiz has been taken 181 times
  • The average score is 7 of 19
Answers on the Map
Answers color-coded by a green-red scale on the quiz's map according to % correct below.
 
Answer Stats
Pop City % Correct
561 k Colombo
98%
108 k Sri Jayawardenepura Kotte
77%
98.8 k Kandy
74%
80.8 k Jaffna
65%
86.3 k Galle
51%
142 k Negombo
41%
48.3 k Trincomalee
41%
50.6 k Anuradhapura
40%
86.2 k Batticaloa
31%
184 k Dehiwala-Mount Lavinia
31%
74.1 k Matara
31%
168 k Moratuwa
25%
62.3 k Gampaha
21%
252 k Kaduwela
17%
99.9 k Kalmunai
17%
196 k Maharagama
15%
60.9 k Katunayake
11%
60.1 k Boralesgamuwa
7%
60.0 k Kolonnawa
6%
No matching quizzes found
Score Distribution
Percent of People with Each Score
Percentile by Number Answered
Your Score History
You have not taken this quiz